comparsion of different organic mulching yield and yield comporents of chinese cabbage ( Brassicaceae rapa var. chinensis) ប្រៀបធៀបគម្របសរីរាង្គខុសៗគ្នានៅលើដំណាំស្ពៃតឿ (Record no. 18182)
[ view plain ]
| 000 -LEADER | |
|---|---|
| fixed length control field | 00647nam a22001577a 4500 |
| 003 - CONTROL NUMBER IDENTIFIER | |
| control field | OSt |
| 005 - DATE AND TIME OF LATEST TRANSACTION | |
| control field | 20190823151353.0 |
| 008 - FIXED-LENGTH DATA ELEMENTS--GENERAL INFORMATION | |
| fixed length control field | 190823b xxu||||| |||| 00| 0 eng d |
| 040 ## - CATALOGING SOURCE | |
| Transcribing agency | RUA |
| 082 ## - DEWEY DECIMAL CLASSIFICATION NUMBER | |
| Classification number | AGR SEA 2017 B644 Or.1 |
| 100 ## - MAIN ENTRY--PERSONAL NAME | |
| 9 (RLIN) | 13855 |
| Personal name | SEA SREYPOV សៀង ស្រីពៅ |
| 245 ## - TITLE STATEMENT | |
| Title | comparsion of different organic mulching yield and yield comporents of chinese cabbage ( Brassicaceae rapa var. chinensis) ប្រៀបធៀបគម្របសរីរាង្គខុសៗគ្នានៅលើដំណាំស្ពៃតឿ |
| 260 ## - PUBLICATION, DISTRIBUTION, ETC. (IMPRINT) | |
| Place of publication, distribution, etc. | RUA |
| Name of publisher, distributor, etc. | phnom penh |
| Date of publication, distribution, etc. | 2017 |
| 300 ## - PHYSICAL DESCRIPTION | |
| Extent | ix,34p |
| Other physical details | ill; |
| Dimensions | 29cm |
| 942 ## - ADDED ENTRY ELEMENTS (KOHA) | |
| Source of classification or shelving scheme | |
| Koha item type | AGR |
| Price effective from | Date last seen | Permanent Location | Not for loan | Date acquired | Source of classification or shelving scheme | Koha item type | Lost status | Withdrawn status | Date last checked out | Total Checkouts | Shelving location | Damaged status | Barcode | Current Location | Full call number |
|---|---|---|---|---|---|---|---|---|---|---|---|---|---|---|---|
| 2019-08-23 | 2020-11-23 | Library Block B | 2019-08-23 | AGR | 2020-11-17 | 1 | B644 | A43867 | Library Block B | AGR SEA 2017 B644 Or.1 | |||||
| 2019-08-23 | 2024-12-09 | Library Block B | 2019-08-23 | AGR | 2024-11-05 | 1 | B644 | A43797 | Library Block B | AGR SEA 2017 B644 Or.2 | |||||
| 2019-08-23 | 2021-12-29 | Library Block B | 2019-08-23 | AGR | 2021-12-21 | 1 | B644 | A43872 | Library Block B | AGR SEA 2017 B644 Or.3 | |||||
| 2019-08-23 | 2020-11-03 | Library Block B | 2019-08-23 | AGR | 2020-10-07 | 2 | B644 | A43962 | Library Block B | AGR SEA 2017 B644 Or.4 | |||||
| 2019-08-23 | 2021-12-13 | Library Block B | 2019-08-23 | AGR | 2021-11-22 | 3 | B644 | A43732 | Library Block B | AGR SEA 2017 B644 Or.5 | |||||
| 2019-08-23 | 2022-02-14 | Library Block B | 2019-08-23 | AGR | 2022-02-14 | 2 | B644 | A43882 | Library Block B | AGR SEA 2017 B644 Or.6 |